| 000 | 00864cam a2200253 a 4500 | ||
|---|---|---|---|
| 001 | 2487546 | ||
| 005 | 20190213130157.0 | ||
| 008 | 910717s1992 ctu b 001 0 eng | ||
| 010 | _a 91026901 | ||
| 020 | _a0300049420 | ||
| 020 | _a9780300055832 | ||
| 082 | 0 | 0 |
_a305.486971 _222 _bAHM |
| 100 | 1 |
_aAhmed, Leila. _932954 |
|
| 245 | 1 | 0 |
_aWomen and Gender in Islam : _bHistorical Roots of a Modern Debate / _cLeila Ahmed. |
| 260 |
_aNew Haven : _bYale University Press, _cc1992. |
||
| 300 |
_aviii, 296 p. ; _c25 cm. |
||
| 504 | _aIncludes bibliographical references (p. 249-279) and index. | ||
| 650 | 0 |
_aWomen _zArab countries _xSocial conditions. _932955 |
|
| 650 | 0 |
_aSexism _zArab countries _xHistory. _932956 |
|
| 650 | 0 |
_aMuslim women _xAttitudes. _932957 |
|
| 650 | 0 |
_aFeminism _zArab countries. _932958 |
|
| 653 |
_bARALIT _cMarch2013 |
||
| 942 |
_2ddc _cBB |
||
| 999 |
_c17395 _d17367 |
||